00684nam a2200193 i 450000100060000000300090000600500170001500700030003200800410003510000280007624500880010425000150019226000430020730000220025070000470027285200320031999900170035195201220036875181ES-MaACL20250822162342.0t|040922s1971 sp ||||1| spa d1 aGraham, Winston.95952813aLa morada de las águilas / cWinston Graham ; [versión, Domingo Manfredi Cano]. a[1ª ed.]. aBarcelona : bLuis de Caralt, c[1971] a598 p. ; c21 cm.1 aManfredi Cano, Domingo, d1918-1998975997 aES-MaACLjC-39144 bR.79482 c75181d75181 00104070aATENEOMbATENEOMcDEPO2d2008-01-17eSCl0oC-39144p1078690r2023-02-23 00:00:00w2023-02-23yMONOGRAFIA